[Event "Liga Madrileña - DH 2017-2018"]
[Site "Madrid ESP"]
[Date "2017.11.26"]
[Round "2.33"]
[White "Martin Rueda, Daniel"]
[Black "Moreno Ruiz, Javier"]
[Result "1-0"]
[WhiteElo "2270"]
[BlackElo "2451"]
[PlyCount "107"]
[EventDate "2017.11.19"]
[EventType "team-tourn"]
[EventRounds "14"]
[EventCountry "ESP"]
[SourceTitle "Ajedrez en Madrid"]
[Source "lmi"]
[SourceDate "2017.11.19"]
[WhiteTeam "Liberty Chess"]
[BlackTeam "Collado Villalba"]
[WhiteTeamCountry "ESP"]
[BlackTeamCountry "ESP"]

1. Nf3 Nf6 2. c4 g6 3. Nc3 d5 4. cxd5 Nxd5 5. Qb3 Nb6 6. d4 Bg7 7. e4 O-O 8.
Be3 Bg4 9. O-O-O Nc6 10. d5 Ne5 11. Be2 Nxf3 12. gxf3 Bh5 13. Kb1 Qd7 14. h4 e6
15. Rhg1 Kh8 16. Bc5 Rfd8 17. dxe6 Qxe6 18. Qxe6 fxe6 19. Nb5 Na4 20. Bd4 Bxd4
21. Rxd4 Rxd4 22. Nxd4 e5 23. Ne6 c6 24. Rg5 Re8 25. Rxe5 Nc5 26. Rxh5 Nxe6 27.
Re5 Kg7 28. f4 Nc7 29. Rxe8 Nxe8 30. Kc2 Nc7 31. Bg4 Nb5 32. Kd3 Nd6 33. Kd4
Kf7 34. b3 Ke7 35. a4 b6 36. h5 a5 37. e5 Nb7 38. f5 gxf5 39. Bxf5 h6 40. Bc2
Nc5 41. f4 Ne6+ 42. Ke4 c5 43. f5 Nd4 44. Bd1 Kf7 45. Kf4 Ke7 46. Ke4 Kf7 47.
f6 Ke6 48. Bg4+ Kf7 49. Kd5 Nxb3 50. Bf5 Nd4 51. Bg6+ Kf8 52. e6 Nxe6 53. Kxe6
c4 54. Kd5 1-0

[Event "Liga Madrileña - DH 2017-2018"]
[Site "Madrid ESP"]
[Date "2017.11.26"]
[Round "2.34"]
[White "Rodriguez Cespedes, Amador"]
[Black "Sanchez Gonzalez, Sergio"]
[Result "0-1"]
[WhiteElo "2418"]
[BlackElo "2265"]
[PlyCount "60"]
[EventDate "2017.11.19"]
[EventType "team-tourn"]
[EventRounds "14"]
[EventCountry "ESP"]
[SourceTitle "Ajedrez en Madrid"]
[Source "lmi"]
[SourceDate "2017.11.19"]
[WhiteTeam "Collado Villalba"]
[BlackTeam "Liberty Chess"]
[WhiteTeamCountry "ESP"]
[BlackTeamCountry "ESP"]

1. e4 c5 2. Nf3 e6 3. c4 Nc6 4. d4 cxd4 5. Nxd4 Nf6 6. Nc3 Bb4 7. Nxc6 bxc6 8.
Qf3 d5 9. exd5 exd5 10. Bg5 O-O 11. Bxf6 Re8+ 12. Be2 Qxf6 13. O-O Qxf3 14.
Bxf3 Bxc3 15. bxc3 Ba6 16. Rfb1 Bxc4 17. Rb4 Rab8 18. Ra4 a6 19. g3 Rb2 20. h4
g6 21. h5 Kg7 22. hxg6 hxg6 23. Bg4 f5 24. Bf3 Reb8 25. Ra3 Kf6 26. Kg2 Rc2 27.
Bd1 Rd2 28. Bb3 Bd3 29. Rd1 Be4+ 30. Kg1 Rxb3 0-1

[Event "Liga Madrileña - DH 2017-2018"]
[Site "Madrid ESP"]
[Date "2017.11.26"]
[Round "2.35"]
[White "Perez Gonzalez, Jose Manuel"]
[Black "Martin Duque, Jesus"]
[Result "1/2-1/2"]
[WhiteElo "2231"]
[BlackElo "2374"]
[PlyCount "111"]
[EventDate "2017.11.19"]
[EventType "team-tourn"]
[EventRounds "14"]
[EventCountry "ESP"]
[SourceTitle "Ajedrez en Madrid"]
[Source "lmi"]
[SourceDate "2017.11.19"]
[WhiteTeam "Liberty Chess"]
[BlackTeam "Collado Villalba"]
[WhiteTeamCountry "ESP"]
[BlackTeamCountry "ESP"]

1. e4 e5 2. Nf3 Nc6 3. Bc4 Nf6 4. d4 exd4 5. e5 d5 6. Bb5 Ne4 7. Nxd4 Bc5 8.
Be3 Bd7 9. Bxc6 bxc6 10. Nd2 Qe7 11. Nxe4 dxe4 12. e6 fxe6 13. Nxc6 Bxc6 14.
Qh5+ g6 15. Qxc5 Qxc5 16. Bxc5 e5 17. O-O-O Kf7 18. Rhe1 a6 19. Re3 Rhe8 20.
Rc3 Re6 21. Be3 Rc8 22. Rc5 Kf6 23. h4 Rd6 24. Ra5 Bb7 25. Bc5 Rxd1+ 26. Kxd1
Rd8+ 27. Kc1 Rd5 28. g3 Kf5 29. c4 Rd3 30. Be3 Ke6 31. Ra4 Bc8 32. Kc2 Kd6 33.
b4 Bb7 34. Ra5 Bc8 35. a4 Bb7 36. b5 axb5 37. axb5 Bc8 38. Ra8 Bf5 39. Ra6+ Kd7
40. c5 h5 41. Ra7 Kc8 42. Ra8+ Kd7 43. Ra7 Kc8 44. b6 cxb6 45. cxb6 Rd7 46. Ra5
Kb7 47. Rxe5 Ka6 48. Rc5 Rd3 49. Rc7 Rd7 50. Rxd7 Bxd7 51. Bd4 Kb7 52. Kd2 Ka6
53. Ke3 Bf5 54. Kf4 Kb7 55. g4 Bxg4 56. Kxe4 1/2-1/2

[Event "Liga Madrileña - DH 2017-2018"]
[Site "Madrid ESP"]
[Date "2017.11.26"]
[Round "2.36"]
[White "Ortega Ruiz, Jose Miguel"]
[Black "Pablos Tenrero, Raquel"]
[Result "1/2-1/2"]
[WhiteElo "2273"]
[BlackElo "1969"]
[PlyCount "122"]
[EventDate "2017.11.19"]
[EventType "team-tourn"]
[EventRounds "14"]
[EventCountry "ESP"]
[SourceTitle "Ajedrez en Madrid"]
[Source "lmi"]
[SourceDate "2017.11.19"]
[WhiteTeam "Collado Villalba"]
[BlackTeam "Liberty Chess"]
[WhiteTeamCountry "ESP"]
[BlackTeamCountry "ESP"]

1. d4 Nf6 2. c4 e6 3. Nf3 Bb4+ 4. Bd2 Qe7 5. g3 O-O 6. Bg2 Bxd2+ 7. Nbxd2 d5 8.
O-O Nbd7 9. Qc2 c6 10. e4 dxe4 11. Nxe4 Nxe4 12. Qxe4 Qb4 13. Qc2 c5 14. Rfd1
Nf6 15. Ne5 cxd4 16. c5 Nd7 17. Nd3 Qa5 18. b4 Qc7 19. Rac1 Nf6 20. b5 e5 21.
c6 b6 22. Nb4 a5 23. bxa6 Bxa6 24. a4 Bc8 25. Re1 Ra5 26. Rb1 Be6 27. Qe2 Rfa8
28. h3 Bf5 29. Rb2 h5 30. Qf3 Bg6 31. Qb3 Rxa4 32. Nd5 Nxd5 33. Bxd5 R4a5 34.
Rc1 Rb8 35. Bg2 e4 36. Qb4 Rd5 37. Kh2 h4 38. Qb3 Rg5 39. Kh1 hxg3 40. fxg3
Rxg3 41. Qd5 Rd8 42. Qxd8+ Qxd8 43. c7 Qc8 44. Rxb6 Rxh3+ 45. Kg1 Rc3 46. Rxc3
dxc3 47. Rb8 Bf5 48. Bxe4 Be6 49. Kf2 c2 50. Bxc2 f5 51. Bb3 Kh7 52. Rxc8 Bxc8
53. Ke3 Kg6 54. Kd4 Kf6 55. Kc5 Ke7 56. Ba4 g5 57. Kd5 g4 58. Ke5 Bd7 59. Bb3
Bc8 60. Ba4 g3 61. Bc6 f4 1/2-1/2

[Event "Liga Madrileña - DH 2017-2018"]
[Site "Madrid ESP"]
[Date "2017.11.26"]
[Round "2.41"]
[White "Almagro Llamas, Pablo"]
[Black "Martinez Reyes, Pedro Ramon"]
[Result "1-0"]
[WhiteElo "2466"]
[BlackElo "2410"]
[PlyCount "169"]
[EventDate "2017.11.19"]
[EventType "team-tourn"]
[EventRounds "14"]
[EventCountry "ESP"]
[SourceTitle "Ajedrez en Madrid"]
[Source "lmi"]
[SourceDate "2017.11.19"]
[WhiteTeam "Virgen de Atocha"]
[BlackTeam "Blanco y Negro"]
[WhiteTeamCountry "ESP"]
[BlackTeamCountry "ESP"]

1. Nf3 Nf6 2. b3 g6 3. Bb2 Bg7 4. c4 c5 5. g3 b6 6. Bg2 Bb7 7. O-O O-O 8. e3 d5
9. d3 dxc4 10. bxc4 Nc6 11. Qe2 Qc7 12. Nc3 Rad8 13. Rfd1 Qb8 14. h3 Rfe8 15.
Rac1 Qa8 16. Ne1 Na5 17. e4 Nd7 18. f4 Nc6 19. Nb5 Qb8 20. Bxg7 Kxg7 21. Nf3
Nf8 22. Rf1 Ne6 23. Nc3 Ned4 24. Nxd4 Nxd4 25. Qe3 Qd6 26. Rf2 Nc6 27. Bf1 Rf8
28. Nd5 e6 29. Nc3 Qd7 30. h4 Nb4 31. Rd1 Qd4 32. Qxd4+ Rxd4 33. a3 Nc6 34. Nb5
Rd7 35. Rb1 Ba6 36. Nc3 Ra8 37. Rf3 Nd4 38. Rf2 Nc6 39. Rf3 Bb7 40. Nb5 Ba6 41.
Nc3 h6 42. Kf2 Nd4 43. Re3 Bb7 44. Rb2 Nc6 45. Nb5 Ba6 46. Nc3 Bb7 47. Rb1 Ba6
48. Rb2 Bb7 49. Re1 Ba6 50. Ke3 Na5 51. Rh2 h5 52. Rb1 Rd4 53. Be2 Rd7 54. Rg1
f5 55. Rb1 Bb7 56. e5 Bc6 57. Rf2 Kf7 58. Rff1 Ke7 59. Rfc1 Rd4 60. Rb2 Rd7 61.
Nd1 Ba4 62. Nc3 Bc6 63. Ra1 Rd4 64. a4 Rd7 65. Ra3 Rc7 66. Nb5 Rd7 67. Rb1 Rc8
68. Bf3 Bxf3 69. Kxf3 Rcd8 70. Ke3 Nc6 71. Nd6 Rxd6 72. exd6+ Kxd6 73. Rb5 Nb4
74. Kd2 Nc6 75. Kc3 Kc7 76. a5 Rb8 77. axb6+ axb6 78. Rb1 Nd4 79. Ra7+ Rb7 80.
Ra8 Rb8 81. Rxb8 Kxb8 82. Rxb6+ Kc7 83. Ra6 Kd7 84. Ra7+ Kd6 85. Rg7 1-0

[Event "Liga Madrileña - DH 2017-2018"]
[Site "Madrid ESP"]
[Date "2017.11.26"]
[Round "2.42"]
[White "Bolado Saez, Sergio"]
[Black "Espinosa Aranda, Angel"]
[Result "0-1"]
[WhiteElo "2383"]
[BlackElo "2450"]
[PlyCount "90"]
[EventDate "2017.11.19"]
[EventType "team-tourn"]
[EventRounds "14"]
[EventCountry "ESP"]
[SourceTitle "Ajedrez en Madrid"]
[Source "lmi"]
[SourceDate "2017.11.19"]
[WhiteTeam "Blanco y Negro"]
[BlackTeam "Virgen de Atocha"]
[WhiteTeamCountry "ESP"]
[BlackTeamCountry "ESP"]

1. d4 Nf6 2. c4 g6 3. f3 Nc6 4. d5 Ne5 5. e4 d6 6. f4 Ned7 7. Nc3 Bg7 8. Nf3
O-O 9. Bd3 c6 10. O-O cxd5 11. cxd5 b5 12. Qe1 b4 13. Nd1 Nc5 14. Qe2 Nxd3 15.
Qxd3 Qb6+ 16. Be3 Ba6 17. Qb1 Qb5 18. Re1 Ng4 19. Bd2 Qc5+ 20. Kh1 Rfc8 21. h3
Nf2+ 22. Nxf2 Qxf2 23. e5 Be2 24. Ng5 Bf1 25. Rxf1 Qxd2 26. Ne4 Qxd5 27. Rd1
Qe6 28. exd6 exd6 29. Rxd6 Qe7 30. Qd3 Rd8 31. Rd1 Rxd6 32. Nxd6 Bxb2 33. Nc4
Bf6 34. Ne3 Kg7 35. Nd5 Qd6 36. Qe4 Rd8 37. Rd3 a5 38. f5 Qe5 39. Qxe5 Bxe5 40.
fxg6 hxg6 41. Kg1 Rb8 42. Rb3 Rb5 43. Ne3 a4 44. Rb1 b3 45. axb3 Bd4 0-1

[Event "Liga Madrileña - DH 2017-2018"]
[Site "Madrid ESP"]
[Date "2017.11.26"]
[Round "2.43"]
[White "Plazuelo Pascual, Juan"]
[Black "Renteria Becerra, Jorge Elicer"]
[Result "1/2-1/2"]
[WhiteElo "2327"]
[BlackElo "2345"]
[PlyCount "55"]
[EventDate "2017.11.19"]
[EventType "team-tourn"]
[EventRounds "14"]
[EventCountry "ESP"]
[SourceTitle "Ajedrez en Madrid"]
[Source "lmi"]
[SourceDate "2017.11.19"]
[WhiteTeam "Virgen de Atocha"]
[BlackTeam "Blanco y Negro"]
[WhiteTeamCountry "ESP"]
[BlackTeamCountry "ESP"]

1. d4 Nf6 2. c4 e6 3. Nf3 d5 4. e3 Bb4+ 5. Nbd2 c5 6. cxd5 Qxd5 7. a3 Bxd2+ 8.
Qxd2 O-O 9. dxc5 Qxc5 10. b4 Qe7 11. Bb2 Rd8 12. Qc2 Bd7 13. Bd3 Na6 14. O-O
Rac8 15. Qe2 Bc6 16. Rfd1 Ba4 17. Rd2 Nc7 18. e4 Nd7 19. Rc1 Ne8 20. Rxc8 Rxc8
21. e5 Nf8 22. Be4 a6 23. Nd4 Ng6 24. g3 Nxe5 25. Bxh7+ Kxh7 26. Qxe5 Qc7 27.
Nf3 Qxe5 28. Nxe5 1/2-1/2

[Event "Liga Madrileña - DH 2017-2018"]
[Site "Madrid ESP"]
[Date "2017.11.26"]
[Round "2.44"]
[White "Alarcia Astiz, Carlos"]
[Black "Dominguez Fernandez, Angel I"]
[Result "1-0"]
[WhiteElo "2312"]
[BlackElo "2241"]
[PlyCount "103"]
[EventDate "2017.11.19"]
[EventType "team-tourn"]
[EventRounds "14"]
[EventCountry "ESP"]
[SourceTitle "Ajedrez en Madrid"]
[Source "lmi"]
[SourceDate "2017.11.19"]
[WhiteTeam "Blanco y Negro"]
[BlackTeam "Virgen de Atocha"]
[WhiteTeamCountry "ESP"]
[BlackTeamCountry "ESP"]

1. e4 c5 2. Nf3 Nc6 3. d4 cxd4 4. Nxd4 e5 5. Nb5 a6 6. Nd6+ Bxd6 7. Qxd6 Qf6 8.
Qxf6 Nxf6 9. Nc3 Nb4 10. Bd3 d6 11. a3 Nxd3+ 12. cxd3 Be6 13. f4 exf4 14. Bxf4
d5 15. Bg5 dxe4 16. Bxf6 gxf6 17. Nxe4 Ke7 18. Rc1 f5 19. Ng3 Rac8 20. Kd2 Rxc1
21. Rxc1 Kd6 22. Ne2 Bd5 23. g3 h5 24. h4 Bf3 25. Nf4 b5 26. Ke3 Bg4 27. d4
Re8+ 28. Kf2 a5 29. d5 b4 30. Rc6+ Kd7 31. axb4 axb4 32. Rc4 Re4 33. Rxe4 fxe4
34. Ke3 Bf3 35. Kd4 Kd6 36. Kc4 e3 37. Kxb4 e2 38. Nd3 Bxd5 39. Kc3 Be4 40. Ne1
Ke5 41. Kd2 f5 42. Kxe2 f4 43. Nd3+ Bxd3+ 44. Kxd3 fxg3 45. Ke3 g2 46. Kf2
g1=Q+ 47. Kxg1 Kd4 48. Kf2 Kc4 49. Kf3 Kb3 50. Kf4 Kxb2 51. Kg5 Kc3 52. Kxh5
1-0

[Event "Liga Madrileña - DH 2017-2018"]
[Site "Madrid ESP"]
[Date "2017.11.26"]
[Round "2.45"]
[White "Vazquez Torres, Adrian"]
[Black "Shen, Yue"]
[Result "0-1"]
[WhiteElo "2190"]
[BlackElo "2263"]
[PlyCount "152"]
[EventDate "2017.11.19"]
[EventType "team-tourn"]
[EventRounds "14"]
[EventCountry "ESP"]
[SourceTitle "Ajedrez en Madrid"]
[Source "lmi"]
[SourceDate "2017.11.19"]
[WhiteTeam "Virgen de Atocha"]
[BlackTeam "Blanco y Negro"]
[WhiteTeamCountry "ESP"]
[BlackTeamCountry "ESP"]

1. e4 c5 2. Nf3 d6 3. d4 cxd4 4. Nxd4 Nf6 5. f3 e5 6. Bb5+ Bd7 7. Bxd7+ Qxd7 8.
Nb3 d5 9. exd5 Qxd5 10. Qe2 Bb4+ 11. c3 Be7 12. O-O Nbd7 13. Rd1 Qc6 14. f4 e4
15. Be3 O-O 16. Nd4 Qc8 17. c4 Nc5 18. Nc3 Re8 19. h3 b6 20. g4 h6 21. Qg2 Nd3
22. b3 Bb4 23. Nce2 Nd7 24. a3 Bc5 25. g5 hxg5 26. Qxg5 Nf8 27. Kh2 Ne6 28. Qg3
Nxd4 29. Nxd4 f5 30. Rg1 Re7 31. Ra2 Qd7 32. Qg5 Rf7 33. Nc2 Qd6 34. b4 Bxe3
35. Nxe3 Qe6 36. Rag2 Raf8 37. h4 Rd7 38. h5 Rf6 39. Rg3 Kf8 40. R1g2 Ne1 41.
Rf2 Nf3+ 42. Rfxf3 exf3 43. Rxf3 Rd3 44. Rg3 Rf7 45. Ng2 Rxg3 46. Qd8+ Qe8 47.
Qxe8+ Kxe8 48. Kxg3 Rd7 49. Ne3 Rd3 50. Kf2 Kf7 51. Nxf5 Kf6 52. Ne3 Rxa3 53.
b5 Ke6 54. Kf3 Ra1 55. Ke4 Rh1 56. Nf5 Kf6 57. Ng3 Rg1 58. Nf5 Re1+ 59. Ne3 Rh1
60. Kd5 Rxh5+ 61. Kc6 Rh1 62. Kb7 Ra1 63. Nd5+ Kf5 64. Kb8 Ra4 65. Kb7 Ra3 66.
Kb8 Ke4 67. Kb7 Ra1 68. Nxb6 axb6 69. Kxb6 Kxf4 70. c5 g5 71. c6 g4 72. Kb7 g3
73. c7 Rc1 74. b6 g2 75. Kb8 g1=Q 76. b7 Qb6 0-1

[Event "Liga Madrileña - DH 2017-2018"]
[Site "Madrid ESP"]
[Date "2017.11.26"]
[Round "2.46"]
[White "Beltran de Heredia Eguiaz, Miguel Angel"]
[Black "Rodrigo Yanguas, Maria"]
[Result "1-0"]
[WhiteElo "2231"]
[BlackElo "2087"]
[PlyCount "75"]
[EventDate "2017.11.19"]
[EventType "team-tourn"]
[EventRounds "14"]
[EventCountry "ESP"]
[SourceTitle "Ajedrez en Madrid"]
[Source "lmi"]
[SourceDate "2017.11.19"]
[WhiteTeam "Blanco y Negro"]
[BlackTeam "Virgen de Atocha"]
[WhiteTeamCountry "ESP"]
[BlackTeamCountry "ESP"]

1. e4 e6 2. d4 d5 3. Nd2 Be7 4. Ngf3 Nf6 5. e5 Nfd7 6. Bd3 c5 7. c3 Nc6 8. O-O
a5 9. a4 cxd4 10. cxd4 Nb4 11. Bb5 O-O 12. Nb1 Nb8 13. Nc3 N8c6 14. Be3 f5 15.
exf6 Bxf6 16. Qd2 Ne7 17. Rfe1 Nf5 18. Bf4 Nc6 19. Ne2 Qb6 20. Red1 Bd7 21.
Rac1 Be8 22. h3 Nh4 23. Nxh4 Bxh4 24. g3 Bf6 25. Qe3 Bf7 26. b3 e5 27. dxe5
Qxe3 28. Bxe3 Nxe5 29. Nd4 Rac8 30. f4 Ng6 31. Bd7 Rb8 32. Kf2 h5 33. Ne6 d4
34. Bxd4 Bxe6 35. Bxe6+ Kh8 36. Rc5 Nxf4 37. gxf4 Bh4+ 38. Kg2 1-0

[Event "Liga Madrileña - DH 2017-2018"]
[Site "Madrid ESP"]
[Date "2017.12.02"]
[Round "3.11"]
[White "Martinez Reyes, Pedro Ramon"]
[Black "Pulvett Marin, Daniel"]
[Result "1/2-1/2"]
[WhiteElo "2406"]
[BlackElo "2444"]
[PlyCount "40"]
[EventDate "2017.11.19"]
[EventType "team-tourn"]
[EventRounds "14"]
[EventCountry "ESP"]
[SourceTitle "Ajedrez en Madrid"]
[Source "lmi"]
[SourceDate "2017.11.19"]
[WhiteTeam "Blanco y Negro"]
[BlackTeam "Alcorcon"]
[WhiteTeamCountry "ESP"]
[BlackTeamCountry "ESP"]

1. d4 d5 2. c4 dxc4 3. e3 Nf6 4. Bxc4 e6 5. Nf3 c5 6. O-O Nc6 7. Qe2 cxd4 8.
Rd1 Be7 9. Nc3 O-O 10. exd4 Na5 11. Bd3 b6 12. Ne5 Bb7 13. Bg5 Rc8 14. Rac1 Nd5
15. Qh5 g6 16. Nxg6 fxg6 17. Bxg6 hxg6 18. Qxg6+ Kh8 19. Qh6+ Kg8 20. Qg6+ Kh8
1/2-1/2

[Event "Liga Madrileña - DH 2017-2018"]
[Site "Madrid ESP"]
[Date "2017.12.02"]
[Round "3.12"]
[White "Vallejo Diaz, Javier"]
[Black "Bolado Saez, Sergio"]
[Result "1/2-1/2"]
[WhiteElo "2377"]
[BlackElo "2375"]
[PlyCount "88"]
[EventDate "2017.11.19"]
[EventType "team-tourn"]
[EventRounds "14"]
[EventCountry "ESP"]
[SourceTitle "Ajedrez en Madrid"]
[Source "lmi"]
[SourceDate "2017.11.19"]
[WhiteTeam "Alcorcon"]
[BlackTeam "Blanco y Negro"]
[WhiteTeamCountry "ESP"]
[BlackTeamCountry "ESP"]

1. d4 Nf6 2. Nf3 e6 3. g3 b5 4. a4 b4 5. Bg2 Bb7 6. O-O d5 7. c3 a5 8. Bf4 Be7
9. Nbd2 Na6 10. cxb4 Bxb4 11. Nb3 c5 12. dxc5 Nxc5 13. Nxc5 Bxc5 14. Nd4 O-O
15. Nb5 Qe7 16. Rc1 Rfc8 17. Qb3 h6 18. Be3 Ba6 19. Bd2 Qb7 20. Qd3 Ne4 21. Bc3
f5 22. Be5 Nxf2 23. Rxf2 Bxf2+ 24. Kxf2 Rxc1 25. Qe3 Rc2 26. Bd4 Qd7 27. Bf3
Rc4 28. b3 Bxb5 29. bxc4 Bxa4 30. cxd5 exd5 31. Bh5 Qd6 32. Qc3 Qc6 33. Qe3 Rf8
34. Qe5 Qd7 35. Bc3 Bc6 36. Bxa5 d4 37. Bb6 Rf6 38. Bxd4 Re6 39. Qb8+ Kh7 40.
Qb2 Re4 41. Be3 Qe6 42. Qc3 Rc4 43. Qa3 Bd5 44. Qd3 Be4 1/2-1/2

[Event "Liga Madrileña - DH 2017-2018"]
[Site "Madrid ESP"]
[Date "2017.12.02"]
[Round "3.13"]
[White "Taboas Rodriguez, Daniel"]
[Black "Vallejo Diaz, Jesus"]
[Result "1/2-1/2"]
[WhiteElo "2357"]
[BlackElo "2241"]
[PlyCount "62"]
[EventDate "2017.11.19"]
[EventType "team-tourn"]
[EventRounds "14"]
[EventCountry "ESP"]
[SourceTitle "Ajedrez en Madrid"]
[Source "lmi"]
[SourceDate "2017.11.19"]
[WhiteTeam "Blanco y Negro"]
[BlackTeam "Alcorcon"]
[WhiteTeamCountry "ESP"]
[BlackTeamCountry "ESP"]

1. d4 Nf6 2. Nf3 e6 3. Bg5 c5 4. e3 Qb6 5. Bxf6 gxf6 6. Nbd2 d5 7. c4 cxd4 8.
Nxd4 Nc6 9. cxd5 Nxd4 10. Qa4+ Bd7 11. Qxd4 Qxd4 12. exd4 exd5 13. Bd3 Rc8 14.
O-O Bb4 15. Nf3 Ba5 16. h3 Ke7 17. Rfc1 Rxc1+ 18. Rxc1 Bb6 19. Kf1 Kd6 20. a3
h6 21. Rc3 Re8 22. Rc2 Rg8 23. Rd2 Rc8 24. Ke2 Re8+ 25. Kf1 Rc8 26. Rc2 Rg8 27.
b3 Re8 28. Kg1 Rg8 29. Kh2 Be6 30. Rc1 Bd7 31. b4 Re8 1/2-1/2

[Event "Liga Madrileña - DH 2017-2018"]
[Site "Madrid ESP"]
[Date "2017.12.02"]
[Round "3.14"]
[White "Aguilera Lopez, Alejandro"]
[Black "Renteria Becerra, Jorge Elicer"]
[Result "0-1"]
[WhiteElo "2232"]
[BlackElo "2342"]
[PlyCount "118"]
[EventDate "2017.11.19"]
[EventType "team-tourn"]
[EventRounds "14"]
[EventCountry "ESP"]
[SourceTitle "Ajedrez en Madrid"]
[Source "lmi"]
[SourceDate "2017.11.19"]
[WhiteTeam "Alcorcon"]
[BlackTeam "Blanco y Negro"]
[WhiteTeamCountry "ESP"]
[BlackTeamCountry "ESP"]

1. d4 Nf6 2. Nf3 g6 3. Bg5 Bg7 4. e3 h6 5. Bh4 d6 6. Bc4 g5 7. Bg3 Ne4 8. Nbd2
Nxg3 9. hxg3 e6 10. c3 a6 11. a4 b6 12. Qc2 Qe7 13. O-O Bb7 14. e4 Nd7 15. Rfe1
g4 16. Nh2 h5 17. Ndf1 c5 18. Rad1 Nf6 19. d5 e5 20. Ne3 Bc8 21. Nf5 Bxf5 22.
exf5 Nd7 23. Qd3 Qg5 24. Bxa6 Ke7 25. Bb5 Nf6 26. Bc6 Rab8 27. Qa6 Rhd8 28. Qd3
h4 29. gxh4 Qxh4 30. Qg3 Qh7 31. Nxg4 Nxg4 32. Qxg4 Rh8 33. Kf1 Bf6 34. Ke2
Rbg8 35. Qf3 Qh4 36. Rh1 e4 37. Qg3 Qxg3 38. fxg3 Rxg3 39. Rxh8 Bxh8 40. Kf2
Rg5 41. b4 Bxc3 42. bxc5 bxc5 43. Ke3 Rg4 44. Kf2 Kf6 45. Rh1 Bd4+ 46. Kf1 Rf4+
47. Ke1 Rf2 48. g4 Ke5 49. Rh7 e3 50. Bb5 Bc3+ 51. Kd1 Rd2+ 52. Kc1 Bb2+ 53.
Kb1 e2 54. Bxe2 Rxe2 55. Rxf7 Kxd5 56. g5 Bc3 57. f6 Rb2+ 58. Kc1 Rg2 59. Rg7
Kc4 0-1

[Event "Liga Madrileña - DH 2017-2018"]
[Site "Madrid ESP"]
[Date "2017.12.02"]
[Round "3.15"]
[White "Alarcia Astiz, Carlos"]
[Black "Angelina Vela, Carlos"]
[Result "1/2-1/2"]
[WhiteElo "2309"]
[BlackElo "2115"]
[PlyCount "66"]
[EventDate "2017.11.19"]
[EventType "team-tourn"]
[EventRounds "14"]
[EventCountry "ESP"]
[SourceTitle "Ajedrez en Madrid"]
[Source "lmi"]
[SourceDate "2017.11.19"]
[WhiteTeam "Blanco y Negro"]
[BlackTeam "Alcorcon"]
[WhiteTeamCountry "ESP"]
[BlackTeamCountry "ESP"]

1. e4 c6 2. d4 d5 3. Nd2 dxe4 4. Nxe4 Bf5 5. Ng3 Bg6 6. h4 h6 7. Nf3 Nd7 8. h5
Bh7 9. Bd3 Bxd3 10. Qxd3 e6 11. Bd2 Ngf6 12. O-O-O Be7 13. Kb1 Qb6 14. Rhe1 O-O
15. c4 Rad8 16. Qc2 Bb4 17. Ne5 Bxd2 18. Rxd2 Nxe5 19. dxe5 Rxd2 20. Qxd2 Rd8
21. Qe3 Nd7 22. Qxb6 Nxb6 23. b3 Kf8 24. Kc2 Nd7 25. f4 Nc5 26. Re3 a5 27. Ne4
Nxe4 28. Rxe4 Ke7 29. Re3 Rd4 30. g3 g6 31. hxg6 fxg6 32. Re2 h5 33. Rh2 c5
1/2-1/2

[Event "Liga Madrileña - DH 2017-2018"]
[Site "Madrid ESP"]
[Date "2017.12.02"]
[Round "3.16"]
[White "Prada Lopez, Miguel Angel"]
[Black "Shen, Yue"]
[Result "1/2-1/2"]
[WhiteElo "2068"]
[BlackElo "2280"]
[PlyCount "52"]
[EventDate "2017.11.19"]
[EventType "team-tourn"]
[EventRounds "14"]
[EventCountry "ESP"]
[SourceTitle "Ajedrez en Madrid"]
[Source "lmi"]
[SourceDate "2017.11.19"]
[WhiteTeam "Alcorcon"]
[BlackTeam "Blanco y Negro"]
[WhiteTeamCountry "ESP"]
[BlackTeamCountry "ESP"]

1. c4 c6 2. Nc3 d5 3. cxd5 cxd5 4. d4 Nc6 5. Nf3 Nf6 6. Bf4 e6 7. e3 Be7 8. h3
O-O 9. Bd3 Bd7 10. O-O a6 11. a3 Na5 12. Ne5 b5 13. e4 Nc4 14. Qe2 Re8 15. Nxd7
Nxd7 16. exd5 exd5 17. Nxd5 Bxa3 18. Qc2 Bxb2 19. Ra2 Bxd4 20. Nc7 Ndb6 21.
Bxh7+ Kh8 22. Nxa8 Qxa8 23. Rd1 Qd8 24. Bd3 Qf6 25. Bg3 a5 26. Qb3 Qg5 1/2-1/2

[Event "Liga Madrileña - DH 2017-2018"]
[Site "Madrid ESP"]
[Date "2017.12.03"]
[Round "3.21"]
[White "Vazquez Igarza, Renier"]
[Black "Almagro Llamas, Pablo"]
[Result "0-1"]
[WhiteElo "2571"]
[BlackElo "2475"]
[PlyCount "66"]
[EventDate "2017.11.19"]
[EventType "team-tourn"]
[EventRounds "14"]
[EventCountry "ESP"]
[SourceTitle "Ajedrez en Madrid"]
[Source "lmi"]
[SourceDate "2017.11.19"]
[WhiteTeam "Collado Villalba"]
[BlackTeam "Virgen de Atocha"]
[WhiteTeamCountry "ESP"]
[BlackTeamCountry "ESP"]

1. Nf3 Nf6 2. c4 c6 3. d4 d5 4. Nc3 dxc4 5. a4 Bf5 6. e3 e6 7. Bxc4 Bb4 8. O-O
Nbd7 9. Qe2 Bg6 10. e4 O-O 11. Bd3 Bh5 12. e5 Nd5 13. Nxd5 cxd5 14. Qe3 Be7 15.
Ne1 Nb8 16. Bxh7+ Kxh7 17. Qh3 g6 18. g4 Rh8 19. gxh5 Kg8 20. h6 Bg5 21. Qb3
Bxc1 22. Rxc1 Nc6 23. Nf3 Rxh6 24. Rfd1 Rh3 25. Kg2 Qh4 26. Nxh4 Rxb3 27. Nf3
Rxb2 28. Rc5 a5 29. h4 Kg7 30. Rh1 Rb4 31. h5 Rh8 32. Rb5 Rxh5 33. Rb1 Rxa4 0-1

[Event "Liga Madrileña - DH 2017-2018"]
[Site "Madrid ESP"]
[Date "2017.12.03"]
[Round "3.22"]
[White "Espinosa Aranda, Angel"]
[Black "Gascon del Nogal, Jose Rafael"]
[Result "1/2-1/2"]
[WhiteElo "2448"]
[BlackElo "2479"]
[PlyCount "112"]
[EventDate "2017.11.19"]
[EventType "team-tourn"]
[EventRounds "14"]
[EventCountry "ESP"]
[SourceTitle "Ajedrez en Madrid"]
[Source "lmi"]
[SourceDate "2017.11.19"]
[WhiteTeam "Virgen de Atocha"]
[BlackTeam "Collado Villalba"]
[WhiteTeamCountry "ESP"]
[BlackTeamCountry "ESP"]

1. Nf3 d6 2. d4 Bg4 3. e4 e6 4. Bd3 d5 5. h3 Bh5 6. exd5 exd5 7. O-O Nf6 8.
Re1+ Be7 9. Nbd2 O-O 10. Nf1 Bd6 11. Ne3 Re8 12. Nf5 Rxe1+ 13. Qxe1 Bxf3 14.
gxf3 Nh5 15. Nxd6 cxd6 16. Qe3 Nc6 17. c3 Qf6 18. Bd2 h6 19. f4 g6 20. f5 g5
21. Qf3 Ng7 22. Qxd5 Rb8 23. f4 gxf4 24. Bxf4 Nh5 25. Qxd6 Qh4 26. Qxh6 Qxf4
27. Qxh5 Qg3+ 28. Kh1 Qxd3 29. Re1 Rd8 30. Qg5+ Kh7 31. Qh4+ Kg8 32. f6 Qh7 33.
Rg1+ Kh8 34. Qxh7+ Kxh7 35. Rg7+ Kh6 36. Rxf7 b5 37. Rb7 b4 38. Rc7 Rd6 39. d5
Ne5 40. f7 Kg7 41. cxb4 Rxd5 42. Rxa7 Rd2 43. Ra3 Rxb2 44. Rb3 Rxa2 45. b5 Rf2
46. Kg1 Rxf7 47. b6 Rb7 48. Kg2 Nd7 49. h4 Nxb6 50. Kg3 Kf6 51. h5 Kg5 52. Rb5+
Kh6 53. Kh4 Rb8 54. Rb4 Kh7 55. Rb5 Nd7 56. Rxb8 Nxb8 1/2-1/2